MARC details
| 000 -CABECERA |
| campo de control de longitud fija |
00922cam a2200229 a 4500 |
| 001 - NÚMERO DE CONTROL |
| campo de control |
000002337 |
| 005 - FECHA Y HORA DE LA ÚLTIMA TRANSACCIÓN |
| campo de control |
20200929150203.0 |
| 008 - DATOS DE LONGITUD FIJA--INFORMACIÓN GENERAL |
| campo de control de longitud fija |
930820s1994 mx a b 001 0 spa |
| 040 ## - FUENTE DE LA CATALOGACIÓN |
| Centro catalogador/agencia de origen |
DO-SdBNP |
| Centro/agencia transcriptor |
DLC |
| Centro/agencia modificador |
DLC |
| 041 17 - CÓDIGO DE LENGUA |
| Código de lengua del texto/banda sonora o título independiente |
spa |
| Código de lengua original |
eng |
| Fuente del código |
Código de idioma MARC |
| 082 ## - NÚMERO DE LA CLASIFICACIÓN DECIMAL DEWEY |
| Número de clasificación |
327.174 |
| Número de documento/Ítem |
G226n |
| 100 1# - ENTRADA PRINCIPAL--NOMBRE DE PERSONA |
| Nombre de persona |
Gardner, Gary T., |
| Fechas asociadas al nombre |
1958- |
| 9 (RLIN) |
7432 |
| 240 10 - TÍTULO UNIFORME |
| Título uniforme |
Nuclear nonproliferation: a primer |
| Lenguaje de la obra |
Español. |
| 245 10 - MENCIÓN DE TÍTULO |
| Título |
No proliferación Nuclear : |
| Resto del título |
un manual / |
| Mención de responsabilidad, etc. |
Gary T. Gardner. |
| 260 ## - PUBLICACIÓN, DISTRIBUCIÓN, ETC. |
| Lugar de publicación, distribución, etc. |
México : |
| Nombre del editor, distribuidor, etc. |
IICLA-Revista Occidental, |
| Fecha de publicación, distribución, etc. |
1994. |
| 300 ## - DESCRIPCIÓN FÍSICA |
| Extensión |
xv,191 p. : |
| Otras características físicas |
il. ; |
| Dimensiones |
23 cm. |
| 500 ## - NOTA GENERAL |
| Nota general |
"Publicado en asociación con el Programa de Estudios sobre la no Proliferación del Instituto Monterrey de Estudios Internacionales "- P. Enfrenta TP |
| 534 ## - NOTA SOBRE LA VERSIÓN ORIGINAL |
| Encabezamiento principal del original |
Traducción: |
| Mención de título del original |
Nuclear nonproliferation: a primer |
| 650 #4 - PUNTO DE ACCESO ADICIONAL DE MATERIA--TÉRMINO DE MATERIA |
| Término de materia o nombre geográfico como elemento de entrada |
No proliferación nuclear |
| 9 (RLIN) |
7433 |
| 650 #4 - PUNTO DE ACCESO ADICIONAL DE MATERIA--TÉRMINO DE MATERIA |
| Término de materia o nombre geográfico como elemento de entrada |
Armas nucleares |
| 9 (RLIN) |
7434 |
| 910 ## - DATOS DE OPCIÓN DEL USUARIO (OCLC) |
| Datos de opción del usuario |
Catalogación por copia / LC |